LEADER 01825nas 2200385 n 450 001 990008893990403321 005 20240229084332.0 011 $a0773-4123 035 $a000889399 035 $aFED01000889399 035 $a(Aleph)000889399FED01 035 $a000889399 091 $2CNR$aPT02114127 100 $a20161109a19649999km-y0itaa50------ba 101 0 $amul 102 $aBE 110 $aauu-------- 200 1 $aAnnalen - Koninklijke Museum voor Midden-Afrika . Economische wetenschappen 207 1$a1964- 210 $aTervuren$cKoninklijke Museum voor Midden-Afrika 517 0 $aAnnales - Musée royal de l'Afrique centrale. Sciences économiques 530 0 $aAnnalen - Koninklijke Museum voor Midden-Afrika . Economische wetenschappen 531 $aANN. - K. MUS. MIDDEN-AFR. , ECON. WET. 675 $a967 675 $a330 801 0$aIT$bACNP$c20090723 859 4 $uhttp://acnp.cib.unibo.it/cgi-ser/start/it/cnr/dc-p1.tcl?catno=2114127&person=false&language=ITALIANO&libr=&libr_th=unina1$zBiblioteche che possiedono il periodico 901 $aSE 912 $a990008893990403321 958 $aBiblioteca del Dipartimento di Entomologia e Zoologia Agraria dell'Università degli Studi di Napoli Federico II$b1964-1978;1980-1999;$fDAGEN 959 $aDAGEN 996 $aAnnalen - Koninklijke Museum voor Midden-Afrika . Economische wetenschappen$9801447 997 $aUNINA AP1 8 $6866-01$aNA219 Biblioteca del Dipartimento di Entomologia e Zoologia Agraria dell'Università degli Studi di Napoli Federico II$eVia Università, 100, 80055 Portici (NA)$m0812539188$m0817755145$nit AP2 40$aacnp.cib.unibo.it$nACNP Italian Union Catalogue of Serials$uhttp://acnp.cib.unibo.it/cgi-ser/start/it/cnr/df-p.tcl?catno=2114127&language=ITALIANO&libr=&person=&B=1&libr_th=unina&proposto=NO